Central Library OPAC University of Rajshahi

انتخاب مراثى انيس و دبير / Intik̲h̲āb-i marās̲i-yi Anīs o Dabīr / (Record no. 85672)

MARC details
000 -LEADER
fixed length control field 00666nam a22002057a 4500
001 - CONTROL NUMBER
control field 85672
003 - CONTROL NUMBER IDENTIFIER
rucl marc code BD-RjUL
005 - DATE AND TIME OF LATEST TRANSACTION
control field 20250909110622.0
008 - FIXED-LENGTH DATA ELEMENTS--GENERAL INFORMATION
fixed length control field 250909s195? pk ||||| |||| 00| 0 urd d
035 ## - SYSTEM CONTROL NUMBER
System control number (BD-RjUL) 85672
040 ## - CATALOGING SOURCE
Original cataloging agency BD-RjUL
Language of cataloging eng
Transcribing agency BD-RjUL
041 ## - LANGUAGE CODE
Language code of text/sound track or separate title eng
082 ## - DEWEY DECIMAL CLASSIFICATION NUMBER
Edition number 23
100 ## - MAIN ENTRY--PERSONAL NAME
Personal name Faruqi, muhammad Tahir
9 (RLIN) 16829
245 ## - TITLE STATEMENT
Title انتخاب مراثى انيس و دبير / Intik̲h̲āb-i marās̲i-yi Anīs o Dabīr /
Statement of responsibility, etc. Mir Babbar Ali Anis, Dabīr ; muhammad Tahir Faruqi
260 ## - PUBLICATION, DISTRIBUTION, ETC. (IMPRINT)
Place of publication, distribution, etc. Peshware :
Name of publisher, distributor, etc. University book,
Date of publication, distribution, etc. 195?
300 ## - PHYSICAL DESCRIPTION
Pagination 150 p. ;
Size 17 cm
600 ## - SUBJECT ADDED ENTRY--PERSONAL NAME
Personal name Dabīr, Mirzā,
Dates associated with a name 1803-1875, Marsiyas
942 ## - ADDED ENTRY ELEMENTS (KOHA)
Source of classification or shelving scheme Dewey Decimal Classification
Koha item type Books
Holdings
Lost status Source of classification or shelving scheme Damaged status Not for loan Collection code Permanent Location Current Location Shelving location Date acquired Source of acquisition Cost, normal purchase price Total Checkouts Full call number Date last seen Copy number Koha item type
  Dewey Decimal Classification   Not For Loan Non-fiction Central Library, University of Rajshahi Central Library, University of Rajshahi Reading Room 18/05/1967 University book agency, 2.00   U 891.4391 FAA 19? 09/09/2025 C-1 Books